| 000 | 00659nam a2200217 i 4500 | ||
|---|---|---|---|
| 001 | bg | ||
| 245 | 7 | 0 |
_aConstructed wetlands for wastewater treatment from small communities / _cPiotr Orzeszyna [et al.] ; Politechnika Gdańska. |
| 260 |
_aGdańsk : _bWydaw. PG, _c1995. |
||
| 300 |
_a70 s. : _brys. ; _c24 cm. |
||
| 504 | _aBibliogr. s.66-70. - Summ. | ||
| 650 | 9 |
_aOczyszczalnia ścieków _xurządzenia |
|
| 650 | 9 |
_aŚcieki _xtechnologia _xmetody |
|
| 700 | 1 | _aORZESZYNA, Piotr. | |
| 020 | _a8386537167 | ||
| 040 | _cBPK | ||
| 041 | 0 | _aen | |
| 080 | _a628.1/.3 | ||
| 920 | _a83-86537-16-7 | ||
| 942 | _cKS | ||
| 008 | s pl f |000 0 pol | ||
| 999 |
_c6925 _d6925 |
||
| 856 |
_uhttp://koha.tu.koszalin.pl/cgi-bin/koha/opac-detail.pl?biblionumber=6925 _yKatalog online BPK |
||